Throughput Enhancement for Mu-Mimo Wireless Networks by Improving Real Time CSI Employing Compressed Sensing / (Record no. 541068)
[ view plain ]
| 000 -LEADER | |
|---|---|
| fixed length control field | 00510nam a22001457a 4500 |
| 082 ## - DEWEY DECIMAL CLASSIFICATION NUMBER | |
| Classification number | 621.3 |
| 100 ## - MAIN ENTRY--PERSONAL NAME | |
| Personal name | Hayat, Mazhar |
| 245 ## - TITLE STATEMENT | |
| Title | Throughput Enhancement for Mu-Mimo Wireless Networks by Improving Real Time CSI Employing Compressed Sensing / |
| Statement of responsibility, etc. | Mazhar Hayat |
| 260 ## - PUBLICATION, DISTRIBUTION, ETC. | |
| Place of publication, distribution, etc. | Islamabad : |
| Name of publisher, distributor, etc. | MCS - NUST, |
| Date of publication, distribution, etc. | 2015. |
| 300 ## - PHYSICAL DESCRIPTION | |
| Extent | 66 p. ; |
| Dimensions | 30cm. |
| 650 ## - SUBJECT ADDED ENTRY--TOPICAL TERM | |
| Topical term or geographic name entry element | Electrical Engineering-MS-Thesis |
| 700 ## - ADDED ENTRY--PERSONAL NAME | |
| Personal name | Dr. Imran Rashid |
| 942 ## - ADDED ENTRY ELEMENTS (KOHA) | |
| Source of classification or shelving scheme | |
| Koha item type | Thesis |
| 650 ## - SUBJECT ADDED ENTRY--TOPICAL TERM | |
| -- | 16073 |
| 700 ## - ADDED ENTRY--PERSONAL NAME | |
| -- | 35026 |
| Withdrawn status | Lost status | Source of classification or shelving scheme | Damaged status | Not for loan | Permanent Location | Current Location | Shelving location | Date acquired | Total Checkouts | Full call number | Barcode | Date last seen | Price effective from | Koha item type |
|---|---|---|---|---|---|---|---|---|---|---|---|---|---|---|
| Central Library (CL) | Central Library (CL) | Thesis | 11/18/2020 | 621.3 | CL-T-1348 | 11/18/2020 | 11/18/2020 | Thesis |
